|
|
|
|
| LEADER |
00000nam0a2200000 4500 |
| 001 |
127459 |
| 005 |
20231031132244.0 |
| 035 |
|
|
|a (RuTPU)RU\TPU\book\137890
|
| 090 |
|
|
|a 127459
|
| 100 |
|
|
|a 20071214d1980 m y0rusy50 ca
|
| 101 |
1 |
|
|a rus
|c slx
|
| 102 |
|
|
|a RU
|
| 105 |
|
|
|a y z 000ay
|
| 200 |
1 |
|
|a Дом под горой
|e Роман
|f М. Кукучин
|g пер. со словацкого Н. Аросева ; авт. предисл. А. Соловьева
|
| 210 |
|
|
|a Москва
|c Художественная литература
|d 1980
|
| 215 |
|
|
|a 334 с.
|
| 333 |
|
|
|a Исключено из фонда НТБ ТПУ
|
| 675 |
|
|
|a 89Д-8
|v 3
|
| 700 |
|
1 |
|a Кукучин
|b М.
|g Мартин
|
| 702 |
|
1 |
|a Аросева
|b Н.
|4 730
|
| 702 |
|
1 |
|a Соловьева
|b А.
|4 080
|
| 801 |
|
1 |
|a RU
|b 63413507
|c 20071214
|g PSBO
|
| 801 |
|
2 |
|a RU
|b 63413507
|c 20211221
|g RCR
|
| 942 |
|
|
|c BK
|